Ingeniería del software
Guardat en:
| Autor principal: | |
|---|---|
| Format: | Llibre |
| Idioma: | espanyol |
| Publicat: |
Madrid, España
Pearson Educación
2005
|
| Edició: | 7a. ed |
| Matèries: | |
| Accés en línia: | Disponible Online |
| Etiquetes: |
Afegir etiqueta
Sense etiquetes, Sigues el primer a etiquetar aquest registre!
|
MARC
| LEADER | 00000nam a2200000 a 4500 | ||
|---|---|---|---|
| 001 | UCJ0922 | ||
| 003 | CL-VaPUC | ||
| 005 | 20210317001110.0 | ||
| 008 | 060914e20050000SP |||||||||||||||||spa|d | ||
| 999 | |c 317660 |d 317658 | ||
| 020 | |a 8478290745 | ||
| 040 | |c Pontificia Universidad Católica de Valparaíso | ||
| 082 | 0 | 4 | |a 005.1 SOM 2005 |2 21 |
| 100 | 0 | |a Sommerville, Ian |e author |9 501376 | |
| 245 | 1 | 0 | |a Ingeniería del software |
| 250 | |a 7a. ed | ||
| 260 | |a Madrid, España |b Pearson Educación |c 2005 | ||
| 300 | |a 687 páginas | ||
| 505 | |a Parte I. VISIÓN GENERAL 1. Introducción 2. Sistemas socio-técnicos 3. Sistemas críticos 4. Procesos del software 5. Gestión de proyectos Parte II. REQUERIMIENTOS 6. Requerimientos del software 7. Procesos de la ingeniería de requerimientos 8. Modelos del sistema 9. Especificación de sistemas críticos 10. Especificación formal Parte III. DISEÑO 11. Diseño arquitectónico 12. Arquitecturas de sistemas distribuidos 13. Arquitecturas de aplicaciones 14. Diseño orientado a objetos 15. Diseño de software de tiempo real 16. Diseño de interfaces de usuario Parte IV. DESARROLLO 17. Desarrollo 18. Reutilización del software 19. Ingeniería del software basada en componentes 20. Desarrollo de sistemas críticos 21. Evolución del software Parte V. VERIFICACIÓN y VALIDACIÓN 22. Verificación y validación 23. Pruebas del software 24. Validación de sistemas críticos Parte VI. GESTIÓN DE PERSONAL 25. Gestión de personal 26. Estimación de costes del software 27. Gestión de calidad 28. Mejora de procesos 29. Gestión de configuraciones | ||
| 583 | |a last modification |c 20060914 00:00:00 |k Rodrigo Vera | ||
| 650 | 0 | |a Ingeniería de software |9 263866 | |
| 650 | 0 | |a Diseño de software |9 451623 | |
| 650 | 0 | |a Modelos matemáticos |9 259437 | |
| 852 | |a BIBCUR | ||
| 856 | |u http://bibliografiadigital.pucv.cl.pucv.idm.oclc.org/index.php/bibliotecapucv/catalog/book/174 |y Disponible Online | ||
| 942 | |c BK |2 ddc | ||
| 945 | |d 20060914 00:00:00 |a jtorresc | ||
| 952 | |0 0 |1 0 |4 0 |6 005_100000000000000_SOM_2005 |7 0 |8 A |9 394354 |a BIBING |b BIBING |d 2019-11-22 |i 4278976 |o 005.1 SOM 2005 |p 4278976 |r 2025-01-20 |w 2019-11-22 |y BK |k CCI | ||
| 952 | |0 0 |1 0 |4 0 |6 005_100000000000000_SOM_2005 |7 0 |8 A |9 394358 |a BIBING |b BIBING |d 2019-11-22 |i 4279018 |o 005.1 SOM 2005 |p 4279018 |r 2025-01-20 |w 2019-11-22 |y BK |k CCI | ||
| 952 | |0 0 |1 0 |4 0 |6 005_100000000000000_SOM_2005 |7 0 |8 A |9 394359 |a BIBING |b BIBING |d 2019-11-22 |i 4279026 |o 005.1 SOM 2005 |p 4279026 |r 2025-01-20 |w 2019-11-22 |y BK |k CCI | ||
| 952 | |0 0 |1 0 |4 0 |6 005_100000000000000_SOM_2005 |7 0 |8 A |9 394360 |a BIBING |b BIBING |d 2019-11-22 |i 4279034 |l 1 |o 005.1 SOM 2005 |p 4279034 |r 2025-04-04 |s 2025-03-31 |w 2019-11-22 |y BK |k CCI | ||
| 952 | |0 0 |1 0 |4 0 |6 005_100000000000000_SOM_2005 |7 0 |8 A |9 394361 |a BIBING |b BIBING |d 2019-11-22 |i 4279042 |o 005.1 SOM 2005 |p 4279042 |r 2025-01-20 |w 2019-11-22 |y BK |k CCI | ||
| 952 | |0 0 |1 0 |4 0 |6 005_100000000000000_SOM_2005 |7 0 |8 A |9 394362 |a BIBING |b BIBING |d 2019-11-22 |i 4279050 |o 005.1 SOM 2005 |p 4279050 |r 2025-01-20 |w 2019-11-22 |y BK |k CCI | ||
| 952 | |0 0 |1 0 |4 0 |6 005_100000000000000_SOM_2005 |7 0 |8 A |9 394365 |a BIBING |b BIBING |d 2019-11-22 |i 4362446 |o 005.1 SOM 2005 |p 4362446 |r 2025-01-20 |w 2019-11-22 |y BK |k CCI | ||
| 952 | |0 0 |1 0 |4 0 |6 005_100000000000000_SOM_2005 |7 0 |8 A |9 394366 |a BIBING |b BIBING |d 2019-11-22 |i 4362403 |o 005.1 SOM 2005 |p 4362403 |r 2025-01-20 |w 2019-11-22 |y BK |k CCI | ||
| 952 | |0 0 |1 1 |2 ddc |4 0 |6 005_100000000000000_SOM_2005 |7 0 |8 A |9 394370 |a BIBING |b BIBING |d 2019-11-22 |i 4385306 |o 005.1 SOM 2005 |p 4385306 |r 2023-03-06 |w 2019-11-22 |y BK |k CCI | ||
| 952 | |0 0 |1 0 |4 0 |6 005_100000000000000_SOM_2005 |7 0 |8 A |9 394371 |a BIBING |b BIBING |d 2019-11-22 |i 4385314 |o 005.1 SOM 2005 |p 4385314 |r 2025-01-20 |w 2019-11-22 |y BK |k CCI | ||
| 952 | |0 0 |1 0 |4 0 |6 005_100000000000000_SOM_2005 |7 0 |8 A |9 394372 |a BIBING |b BIBING |d 2019-11-22 |i 4385322 |o 005.1 SOM 2005 |p 4385322 |r 2024-01-25 |w 2019-11-22 |y BK |k CCI | ||
| 952 | |0 0 |1 0 |4 0 |6 005_100000000000000_SOM_2005 |7 0 |8 A |9 394374 |a BIBING |b BIBING |d 2019-11-22 |i 447855K |o 005.1 SOM 2005 |p 447855K |r 2025-01-20 |w 2019-11-22 |y BK |k CCI | ||
| 952 | |0 0 |1 0 |4 0 |6 005_100000000000000_SOM_2005 |7 0 |8 A |9 394378 |a BIBING |b BIBING |d 2019-11-22 |i 4478592 |o 005.1 SOM 2005 |p 4478592 |r 2025-01-20 |w 2019-11-22 |y BK |k CCI | ||
| 952 | |0 0 |1 0 |4 0 |6 005_100000000000000_SOM_2005 |7 0 |8 A |9 394379 |a BIBING |b BIBING |d 2019-11-22 |i 4478606 |o 005.1 SOM 2005 |p 4478606 |r 2025-01-20 |w 2019-11-22 |y BK |k CCI | ||
| 952 | |0 0 |1 0 |4 0 |6 005_100000000000000_SOM_2005 |7 0 |8 A |9 394380 |a BIBING |b BIBING |d 2019-11-22 |i 4478614 |l 1 |o 005.1 SOM 2005 |p 4478614 |r 2025-01-20 |s 2024-08-20 |w 2019-11-22 |y BK |k CCI | ||
| 952 | |0 0 |1 0 |4 0 |6 005_100000000000000_SOM_2005 |7 0 |8 A |9 394382 |a BIBING |b BIBING |d 2019-11-22 |i 4478630 |o 005.1 SOM 2005 |p 4478630 |r 2024-01-25 |w 2019-11-22 |y BK |k CCI | ||
| 952 | |0 0 |1 0 |4 0 |6 005_100000000000000_SOM_2005 |7 0 |8 A |9 394384 |a BIBING |b BIBING |d 2019-11-22 |i 457981K |o 005.1 SOM 2005 |p 457981K |r 2025-01-20 |w 2019-11-22 |y BK |k CCI | ||
| 952 | |0 0 |1 0 |4 0 |6 005_100000000000000_SOM_2005 |7 0 |8 A |9 394385 |a BIBING |b BIBING |d 2019-11-22 |i 4579828 |l 2 |o 005.1 SOM 2005 |p 4579828 |r 2025-03-17 |s 2025-03-10 |w 2019-11-22 |y BK |k CCI | ||
| 952 | |0 0 |1 0 |4 0 |6 005_100000000000000_SOM_2005 |7 0 |8 A |9 394386 |a BIBING |b BIBING |d 2019-11-22 |i 4579836 |o 005.1 SOM 2005 |p 4579836 |r 2025-01-20 |w 2019-11-22 |y BK |k CCI | ||
| 952 | |0 0 |1 0 |4 0 |6 005_100000000000000_SOM_2005 |7 0 |8 A |9 394387 |a BIBING |b BIBING |d 2019-11-22 |i 4579844 |o 005.1 SOM 2005 |p 4579844 |r 2025-01-20 |w 2019-11-22 |y BK |k CCI | ||
| 952 | |0 0 |1 0 |4 0 |6 005_100000000000000_SOM_2005 |7 0 |8 A |9 394388 |a BIBING |b BIBING |d 2019-11-22 |i 4579852 |o 005.1 SOM 2005 |p 4579852 |r 2024-01-25 |w 2019-11-22 |y BK |k CCI | ||
| 952 | |0 0 |1 0 |4 0 |6 005_100000000000000_SOM_2005 |7 0 |8 A |9 394389 |a BIBING |b BIBING |d 2019-11-22 |i 4579860 |l 1 |o 005.1 SOM 2005 |p 4579860 |r 2025-01-20 |s 2024-08-19 |w 2019-11-22 |y BK |k CCI | ||
| 952 | |0 0 |1 0 |4 0 |6 005_100000000000000_SOM_2005 |7 0 |8 A |9 394390 |a BIBING |b BIBING |d 2019-11-22 |i 4579879 |o 005.1 SOM 2005 |p 4579879 |r 2025-01-20 |w 2019-11-22 |y BK |k CCI | ||
| 952 | |0 0 |1 0 |4 0 |6 005_100000000000000_SOM_2005 |7 0 |8 A |9 394392 |a BIBING |b BIBING |d 2019-11-22 |i 4579895 |o 005.1 SOM 2005 |p 4579895 |r 2025-01-20 |w 2019-11-22 |y BK |k CCI | ||
| 952 | |0 0 |1 0 |4 0 |6 005_100000000000000_SOM_2005 |7 0 |8 A |9 394399 |a BIBING |b BIBING |d 2019-11-22 |i 4716760 |o 005.1 SOM 2005 |p 4716760 |r 2025-01-20 |w 2019-11-22 |y BK |k CCI | ||
| 952 | |0 0 |1 0 |4 0 |6 005_100000000000000_SOM_2005 |7 0 |8 A |9 394402 |a BIBING |b BIBING |d 2019-11-22 |i 4716795 |o 005.1 SOM 2005 |p 4716795 |r 2025-01-20 |w 2019-11-22 |y BK |k CCI | ||
| 952 | |0 0 |1 0 |4 0 |6 005_100000000000000_SOM_2005 |7 0 |8 A |9 394404 |a BIBING |b BIBING |d 2019-11-22 |i 4716817 |o 005.1 SOM 2005 |p 4716817 |r 2024-01-25 |w 2019-11-22 |y BK |k CCI | ||
| 952 | |0 0 |1 0 |4 0 |6 005_100000000000000_SOM_2005 |7 0 |8 A |9 394405 |a BIBING |b BIBING |d 2019-11-22 |i 4716825 |o 005.1 SOM 2005 |p 4716825 |r 2025-01-20 |w 2019-11-22 |y BK |k CCI | ||
| 952 | |0 0 |1 0 |4 0 |6 005_100000000000000_SOM_2005 |7 0 |8 A |9 394406 |a BIBING |b BIBING |d 2019-11-22 |i 4716833 |o 005.1 SOM 2005 |p 4716833 |r 2024-01-25 |w 2019-11-22 |y BK |k CCI | ||
| 952 | |0 0 |1 0 |4 0 |6 005_100000000000000_SOM_2005 |7 0 |8 A |9 394407 |a BIBING |b BIBING |d 2019-11-22 |i 4716841 |l 1 |o 005.1 SOM 2005 |p 4716841 |r 2025-01-20 |s 2024-08-20 |w 2019-11-22 |y BK |k CCI | ||
| 952 | |0 0 |1 0 |4 0 |6 005_100000000000000_SOM_2005 |7 0 |8 A |9 394409 |a BIBING |b BIBING |d 2019-11-22 |i 4716868 |o 005.1 SOM 2005 |p 4716868 |r 2025-01-20 |w 2019-11-22 |y BK |k CCI | ||